From placemaking to changing places (Record no. 121093)

MARC details
000 -LEADER
fixed length control field 00917nam a2200217 4500
001 - CONTROL NUMBER
control field K 121093
007 - PHYSICAL DESCRIPTION FIXED FIELD--GENERAL INFORMATION
fixed length control field ta
008 - FIXED-LENGTH DATA ELEMENTS--GENERAL INFORMATION
fixed length control field 190815b2019 ||||| |||| 00| 0 eng d
041 ## - LANGUAGE CODE
Language code of text/sound track or separate title eng
100 ## - MAIN ENTRY--PERSONAL NAME
Personal author Conway, Claudia
245 ## - TITLE STATEMENT
Title From placemaking to changing places
490 ## - SERIES TITLE
Series statement RICS Property Journal
Volume May/June 2019, 38-40 (3)
520 ## - ABSTRACT
Abstract Ashford Borough Council is using real estate assets to regenerate the area and to create a sustainable funding mechanism for its services. Its current investments in commercial real estate include Park Mall shopping centre, office blocks, industrial units aimed at improving the town centre and surrounding areas.
650 ## - KEYWORDS
Keywords Asset management
650 ## - KEYWORDS
Keywords Local authorities
650 ## - KEYWORDS
Keywords Masterplan
651 ## - SUBJECT ADDED ENTRY--GEOGRAPHIC NAME
Geographic name United Kingdom 1973
690 ## - LOCAL SUBJECT ADDED ENTRY--TOPICAL TERM (OCLC, RLIN)
9 (RLIN) 6250
Topical term or geographic name as entry element Investments
856 ## - ONLINE RESOURCE
Uniform Resource Identifier https://issuu.com/ricsmodus/docs/property_journal-may-june_2019-rics/60
942 ## - ADDED ENTRY ELEMENTS (KOHA)
Source of classification or shelving scheme Dewey Decimal Classification
Holdings
Withdrawn status Lost status Damaged status Not for loan Home library Current library Shelving location Date acquired Total Checkouts Date last seen Price effective from Koha item type
        Virtual Virtual Online 15/08/2019   15/08/2019 15/08/2019 Journal article